书目信息 |
| 题名: |
领导力
|
|
| 作者: | 朱坤福 著 | |
| 分册: | ||
| 出版信息: | 北京 中国商业出版社 2017.11 |
|
| 页数: | 279页 | |
| 开本: | 20cm | |
| 丛书名: | ||
| 单 册: | ||
| 中图分类: | F272.91 | |
| 科图分类: | ||
| 主题词: | 企业经济 | |
| 电子资源: | ||
| ISBN: | 978-7-5208-0039-6 | |
| 000 | 00840nam0 2200229 450 | |
| 001 | 2356697204 | |
| 005 | 20231122153632.86 | |
| 010 | @a978-7-5208-0039-6@dCNY55.00 | |
| 100 | @a20231121d2017 km y0chiy0120 ea | |
| 101 | 0 | @achi |
| 102 | @aCN@b110000 | |
| 200 | 1 | @a领导力@ALing Dao Li@e商业领袖经营之道@f朱坤福著@FZhu Kun Fu Zhu |
| 210 | @a北京@c中国商业出版社@d2017.11 | |
| 215 | @a279页@d20cm | |
| 300 | @a企业领导学 | |
| 330 | @a本书是对变革时代如何提升企业领导力进行研究和实践的一个尝试。 全书归纳提炼出了打造领导力的众多方法和技巧, 包括制定管理目标、进行企业培训、团队协作、激励考核、制度完善、合理授权等。 | |
| 517 | 1 | @a商业领袖经营之道@AShang Ye Ling Xiu Jing Ying Zhi Dao |
| 606 | 0 | @a企业经济 |
| 690 | @aF272.91@v4 | |
| 701 | 0 | @a朱坤福@AZhu Kun Fu@4著 |
| 801 | 0 | @aCN@b河南城建学院图书馆@c20231121 |
| 905 | @dF272.91@eZ851 | |
| 领导力:商业领袖经营之道/朱坤福著.-北京:中国商业出版社,2017.11 |
| 279页;20cm |
| 企业领导学 |
| ISBN 978-7-5208-0039-6:CNY55.00 |
| 本书是对变革时代如何提升企业领导力进行研究和实践的一个尝试。 全书归纳提炼出了打造领导力的众多方法和技巧, 包括制定管理目标、进行企业培训、团队协作、激励考核、制度完善、合理授权等。 |
| ● |
| 相关链接 |
|
|
|
正题名:领导力
索取号:F272.91/Z851
 
预约/预借
| 序号 | 登录号 | 条形码 | 馆藏地/架位号 | 状态 | 备注 |
| 1 | 1548229 | 215482298 | 教务处资料室/ [索取号:F272.91/Z851] | 在馆 | |
| 2 | 1548230 | 215482305 | 教务处资料室/ [索取号:F272.91/Z851] | 在馆 |